Ideový návrh plošiny pre technológiu

Uložené v:
Podrobná bibliografia
Hlavný autor: Šipkovský, Patrik (Autor)
Ďalší autori: Matúšová, Miriam (Vedúci práce)
Médium: Rukopis Kniha
Jazyk:Slovak
Vydavateľské údaje: 2025
Predmet:
On-line prístup:http://is.stuba.sk/zp/portal_zp.pl?podrobnosti=176991
Tagy: Pridať tag
Žiadne tagy, Buďte prvý, kto otaguje tento záznam!

MARC

LEADER 00000ntm a22000003a 4500
001 stuzp103830
003 SK-STU
005 20250628210920.1
007 ta
008 150427s2015----xo-----f-mn---000-0-slo-d
040 |a STU  |b slo 
041 0 |a slo 
100 1 |a Šipkovský, Patrik  |u 063000  |4 aut  |U MTF Materiálovotechnologická fakulta  |T MTF Ústav výrobných technológií  |X 122038  |U M3000  |Y 83  |7 122038 
242 0 1 |a Conceptual platform design for technology  |y eng 
245 1 0 |a Ideový návrh plošiny pre technológiu 
260 |c 2025 
650 4 |a 3D  |2 slo 
650 4 |a dokumentácia  |2 slo 
650 4 |a plošina  |2 slo 
650 4 |a 3D  |2 eng 
650 4 |a documentation  |2 eng 
650 4 |a platform  |2 eng 
700 1 |a Matúšová, Miriam  |u 063800  |k Z1  |4 ths  |U MTF Ústav výrobných technológií  |T MTF Katedra výrobných zariadení a systémov  |X 4309  |U M3800  |Y 660  |7 A000004309 
856 4 |u http://is.stuba.sk/zp/portal_zp.pl?podrobnosti=176991 
996 |c M* BP-10030  |l MMSKP  |s P  |a 0  |w stuzp103830_0001